000 01002nam a2200253Ia 4500
003 OSt
005 20220923225011.0
006 a|||||r|||| 00| 0
007 ta
008 220922b |||||||| |||| 00| 0 hin d
024 _a254,989
037 _cTextual
040 _aARTS
_cARTS
_bhin
041 _2hin
_ahin
082 _aO158wM35, 152N0
100 _aगोस्वामी, जतीन्द्र नाथ; सिन्हा, नरेन्द्र, अनु.
_9168297
245 0 _aहेमचन्द्र बरूआ
246 _aHemachandra barūā
260 _aनई दिल्ली
_b साहित्य अकादेमी
_c1990
300 _a45पृ.
_ccm.
490 _aभारतीय साहित्य के निर्माता
942 _hO158wM35, 152N0
_cTEXL
_2CC
999 _c375309
_d375309